| 000 | 00427pab a2200157 454500 | ||
|---|---|---|---|
| 008 | 180718b2017 xxu||||| |||| 00| 0 eng d | ||
| 100 | _aSen, Gautam | ||
| 245 | _aPolitical instability in Brazil: causes and likely future scenario | ||
| 260 | _c2017 | ||
| 300 | _ap.29-31. | ||
| 362 | _a7 Oct | ||
| 650 | _aBrazil - Politics and government | ||
| 650 | _aPolitics and government | ||
| 773 | _aMainstream | ||
| 909 | _a116427 | ||
| 999 |
_c116421 _d116421 |
||